000 00494nam a2200121Ia 4500
008 220620s9999||||xx |||||||||||||| ||und||
100 _aFrank W. Stahnisch||Diana Mansell||Paula Larsson
245 0 _aBedside and Community: 50 Years of Contributions to the Health of Albertans by the University of Calgary
546 _aEnglish[eng]
650 _aMedicine||Nursing||Education||Health||Veterinary||Medical administration
856 _uhttps://press.ucalgary.ca/books/9781773850726/
942 _cEB
999 _c26921
_d26921